000 00803cab a22001935a 4500
001 L138343
008 070531e2007 xxk f 000 0 eng d
035 _a(Sirsi) u138343
041 0 _aeng
245 0 0 _aBADA dealers see improved trading climate
260 _c2007
490 0 _aAntiques Trade Gazette
_v(1791) 26 May 2007, 2-3(2)
520 _aDiscusses the findings form the annual British Antique Dealers' Association Members' Poll, which reported an increased turnover of sales in 2006. Reports that turnover sales vary according to location and speciality, with London and Oriental dealers showing the greatest improvement.
590 _aKA
650 2 4 _aBRITISH ANTIQUE DEALERS ASSOCIATION MEMBERS POLL
651 4 _aUnited Kingdom
_y
690 _aArts and antiques
_96217
942 _n0
999 _c107136
_d107136